书目信息 |
| 题名: |
传感器与测试技术
|
|
| 作者: | 李娟 , 陈涛 编著 | |
| 分册: | ||
| 出版信息: | 北京 北京航空航天大学出版社 2007.08 |
|
| 页数: | 212页 | |
| 开本: | 23cm | |
| 丛书名: | ||
| 单 册: | ||
| 中图分类: | TP212.06 | |
| 科图分类: | ||
| 主题词: | 传感器--chuan gan qi--测量技术--高等学校--教材 | |
| 电子资源: | ||
| ISBN: | 978-7-81124-011-5 | |
| 000 | 01057nam0 2200265 450 | |
| 001 | 012008730975 | |
| 005 | 20080603100640.31 | |
| 010 | @a978-7-81124-011-5@dCNY22.00 | |
| 100 | @a20080603d2007 em y0chiy0120 ea | |
| 101 | 0 | @achi |
| 102 | @aCN@b110000 | |
| 105 | @aak a 000yy | |
| 106 | @ar | |
| 200 | 1 | @a传感器与测试技术@Achuan gan qi yu ce shi ji shu@f李娟, 陈涛编著@Fli juan,chen tao bian zhu |
| 210 | @a北京@c北京航空航天大学出版社@d2007.08 | |
| 215 | @a212页@c图@d23cm | |
| 300 | @a高职高专规划教材 | |
| 320 | @a有书目 (第211-212页) | |
| 330 | @a本书详细介绍了电阻式、电感式、电容式、磁电式、压电式、热电式、光电式、气敏与湿敏、超声波传感器的工作原理、测量电路和应用,概要介绍了有关传感器测试技术的基本知识。全书共12章,除了第1、2章外,其余各章均具有相对独立性,以便不同层次、不同专业、不同学时的学生选用。 | |
| 606 | 0 | @a传感器@Achuan gan qi@x测量技术@x高等学校@j教材 |
| 690 | @aTP212.06@v4 | |
| 701 | 0 | @a李娟@Ali juan@4编著 |
| 701 | 0 | @a陈涛@Achen tao@4编著 |
| 801 | 0 | @aCN@bQSSK@c20080603 |
| 905 | @b723218-19@dTP212.06@eL185@f2 | |
| 传感器与测试技术/李娟, 陈涛编著.-北京:北京航空航天大学出版社,2007.08 |
| 212页:图;23cm |
| 高职高专规划教材 |
| ISBN 978-7-81124-011-5:CNY22.00 |
| 本书详细介绍了电阻式、电感式、电容式、磁电式、压电式、热电式、光电式、气敏与湿敏、超声波传感器的工作原理、测量电路和应用,概要介绍了有关传感器测试技术的基本知识。全书共12章,除了第1、2章外,其余各章均具有相对独立性,以便不同层次、不同专业、不同学时的学生选用。 |
| ● |
| 相关链接 |
|
|
|
正题名:传感器与测试技术
索取号:TP212.06/L185
 
预约/预借
| 序号 | 登录号 | 条形码 | 馆藏地/架位号 | 状态 | 备注 |
| 1 | 723218 | 207232181 | 自科库301/301自科库 40排3列2层/ [索取号:TP212.06/L185] | 在馆 | |
| 2 | 723219 | 207232190 | 自科库301/301自科库 40排3列2层/ [索取号:TP212.06/L185] | 在馆 |